Cargando...
Environmental protection
| Outros autores: | |
|---|---|
| Formato: | Printed Book |
| Publicado: |
Jaipur
Pointer
2000
|
| Subjects: |
| LEADER | 00432cam a2200145ua 4500 | ||
|---|---|---|---|
| 020 | |a 81-7132-249-2 | ||
| 082 | |a 363.7 |b ENV | ||
| 245 | 1 | 0 | |a Environmental protection |
| 260 | |a Jaipur |b Pointer |c 2000 | ||
| 300 | |a xii,306p. | ||
| 650 | 0 | |a Environment | |
| 700 | 0 | 2 | |a Vimlesh, Chaudhary |
| 942 | |c BK | ||
| 999 | |c 3521 |d 3521 | ||
| 952 | |0 0 |1 0 |4 0 |6 363_700000000000000_ENV |7 0 |9 3674 |a KUCL |b KUCL |d 2014-05-23 |l 1 |m 1 |o 363.7 ENV |p 06656 |r 2016-12-14 |s 2016-10-01 |y BK | ||